00213nam a22000857a 4500020000800000082001500008100000800023245008600031300001000117 qP/B a659.2bDOI aIFC aDoing Better Business Through Effective Public Consultation and Disclosure /cIFC a74 p.